Flaggen aller unanerkannten Länder - Statistiken

Allgemein
  • Dieses Quiz wurde 982 mal gespielt
    912 seit der letzten Aktualisierung
  • Das Durchschnittsergebnis liegt bei 27 aus 66
Antwortstatistiken
Bildquiz Antwort % Korrekt
Grönland
81%
Hongkong
80%
Färöer
75%
Isle of Man
72%
Palästina
72%
Gibraltar
70%
Mayotte
68%
Puerto Rico
68%
Guam
64%
Nordirland
63%
Åland
62%
Kurdistan
58%
Jersey
56%
Amerikanische Jungferninseln
53%
Macau
53%
Amerikanisch-Samoa
52%
Guernsey
50%
Nordzypern
50%
Cookinseln
49%
Katalonien
49%
Niue
49%
Weihnachtsinsel
48%
Westsahara
47%
Aruba
46%
Norfolkinsel
46%
Somaliland
46%
Bermuda
45%
Kokosinseln
44%
Neukaledonien
44%
Französisch-Polynesien
43%
Tibet
42%
Britische Jungferninseln
39%
Curaçao
39%
Tokelau
38%
Anguilla
37%
Nördliche Marianen
37%
Transnistrien
37%
Guadeloupe
36%
Réunion
36%
Falklandinseln
35%
Quebec
33%
Martinique
32%
Sint Maarten
31%
Südossetien
31%
Abchasien
30%
Bonaire
30%
Britisches Territorium im Indischen Ozean
29%
St. Pierre & Miquelon
29%
Arzach
28%
St. Helena, Ascension & Tristan da Cunha
28%
Montserrat
27%
Krim
24%
Baskenland
23%
Französische Süd- und Antarktisgebiete
23%
Französisch-Guayana
23%
Pitcairninseln
23%
Saint Barthélemy
23%
Turks- und Caicosinseln
23%
Saint-Martin
22%
Kaimaninseln
21%
Südgeorgien und die Südlichen Sandwichinseln
18%
Bougainville
16%
Darfur
16%
Wallis & Futuna
16%
Britisches Antarktis-Territorium
14%
West-Papua
14%
Keine übereinstimmenden Quizze gefunden
Verteilung der Resultate
Anzahl Personen mit jedem Resultat
Perzentil nach korrekt beantworteten Fragen
Ihre Resultats-Entwicklung
Sie haben dieses Quiz seit der letzten Aktualisierung nicht gespielt